ბათუმის შოთა რუსთაველის სახელმწიფო უნივერსიტეტის ბიბლიოთეკა

საქართველოს დემოგრაფიული განვითარების სოციალურ-დემოგრაფიული და საოჯახო პოლიტიკა : (ბიბ.ჩანაწერი № 55372)

000 -ლიდერი
ფიქსირებული სიგრძის საკონტროლო ველი 01655nam a2200229Ia 4500
001 - საკონტროლო ნომერი
საკონტროლო ველი 22450
003 - საკონტროლო ნომრის იდენტიფიკატორი
საკონტროლო ველი GE_BSU
005 - ბოლო ოპერაციის თარიღი და დრო
საკონტროლო ველი 20250901171132.0
008 - ფიქსირებული სიგრძის მონაცემთა ელემენტები - ზოგადი ინფორმაცია
ფიქსირებული სიგრძის საკონტროლო ველი 181216s2010||||ge |||||||||||||| ||geo||
020 ## - წიგნის საერთაშორისო სტანდარტული ნომერი
International Standard Book Number 9789941021916
040 ## - კატალოგიზაციის წყარო
Transcribing agency GE_BSU
041 ## - ენის კოდი
Language code of text/sound track or separate title geo
080 ## - უნივერსალური ათობითი კლასიფიკაციის ინდექსი
Universal Decimal Classification number 314(479.22)+314.356.2 ს-32
245 ## - ცნობა სათაურის შესახებ
Title საქართველოს დემოგრაფიული განვითარების სოციალურ-დემოგრაფიული და საოჯახო პოლიტიკა :
Remainder of title საბოლოო სამეცნიერო ანგარიში /
Statement of responsibility, etc წამყვანი ორგანიზაცია : განათლ. და მეცნ. სამინ., დემოგრ. და სოციოლ. ინ-ტი, ქართველოლოგიის, ჰუმანიტ. და სოციალ. მეცნ. ფონდი, რუსთაველის ფონდი ; [მოამზადეს: გიორგი წულაძემ და [სხვ.]].
264 ## - წარმოების, გამოცემის, დისტრიბუციის და სხვა ცნობები
გამოცემის, წარმოების, დისტრიბუციის... ადგილი თბილისი :
გამოცემის, წარმოების, დისტრიბუციის... სახელწოდება (შპს "პოლიგრაფ+"),
გამოცემის, წარმოების, დისტრიბუციის... თარიღი 2010.
300 ## - ფიზიკური აღწერა
Extent 75 გვ. :
Other physical details დიაგრ. ;
Dimensions 30 სმ.
504 ## - BIBLIOGRAPHY, ETC. NOTE
Bibliography, etc ბიბლიოგრ. : გვ. 72-75
653 ## - INDEX TERM--UNCONTROLLED
Uncontrolled term საბოლოო სამეცნიერო ანგარიში
653 ## - INDEX TERM--UNCONTROLLED
Uncontrolled term საქართველოს დემოგრაფიული განვითარების სოციალურ-დემოგრაფიული და საოჯახო პოლიტიკა
942 ## - ADDED ENTRY ELEMENTS (KOHA)
Koha item type წიგნი
Source of classification or shelving scheme
ეგზემპლარები
ჩამოწერის სტატუსი დაკარგული ეგზემპლარის სტატუსი კლასიფიკაციის წყარო ან თაროზე გაწყობის სქემა დაზიანების სტატუსი არ გაიცემა მუდმივი მდებარეობა (დაცვის ადგილი) ამჟამინდელი ადგილსამყოფელი თაროზე განთავსების ადგილი შეძენის თარიღი ღირებულება, შესყიდვის ნორმალური ფასი სრული შენახვის შიფრი შტრიხკოდი ბოლო ოპერაციის თარიღი ეგზემპლარის მიმდევრობითი ნომერი (კეტერი?) ფასის ძალაში შესვლის თარიღი ეგზემპლარის სახეობა საჯარო შენიშვნა
          ბათუმის შოთა რუსთაველის სახელმწიფო უნივერსიტეტის მთავარი ბიბლიოთეკა ბათუმის შოთა რუსთაველის სახელმწიფო უნივერსიტეტის მთავარი ბიბლიოთეკა წიგნსაცავი 2018-12-17 7.00 314(479.22)+314.356.2 ს-32 28121 2018-12-17 28121 2018-12-17 წიგნი 7.00 ₾.